000 00295nam a22001337a 4500
008 181107b xxu||||| |||| 00| 0 eng d
020 _a9781850700067
041 _aeng
080 _a573
100 _a11
101 _aBIO
245 _aThe Biology of the Skin
_cFreinkel.R.K
942 _2udc
_cBK
999 _c52113
_d52113